Manual of elections to panchayats and taluk boards; (Record no. 84295)
[ view plain ]
| 000 -LEADER | |
|---|---|
| fixed length control field | 01061cam a2200265 4500 |
| 001 - CONTROL NUMBER | |
| control field | sa 68012080 |
| 003 - CONTROL NUMBER IDENTIFIER | |
| control field | DLC |
| 005 - DATE AND TIME OF LATEST TRANSACTION | |
| control field | 20260227112606.0 |
| 008 - FIXED-LENGTH DATA ELEMENTS--GENERAL INFORMATION | |
| fixed length control field | 691021s1968 ii ak 000 0 eng |
| 010 ## - LIBRARY OF CONGRESS CONTROL NUMBER | |
| LC control number | sa 68012080 |
| 025 ## - OVERSEAS ACQUISITION NUMBER | |
| Overseas acquisition number | PL480:I-E-10318 |
| 040 ## - CATALOGING SOURCE | |
| Original cataloging agency | DLC |
| Transcribing agency | DLC |
| Modifying agency | DLC |
| 043 ## - GEOGRAPHIC AREA CODE | |
| Geographic area code | a-ii--- |
| 050 00 - LIBRARY OF CONGRESS CALL NUMBER | |
| Classification number | LAW |
| 082 00 - DEWEY DECIMAL CLASSIFICATION NUMBER | |
| Classification number | 340 |
| 110 1# - MAIN ENTRY--CORPORATE NAME | |
| Corporate name or jurisdiction name as entry element | Mysore (India : State). |
| Subordinate unit | Development, Housing, Panchayatraj, and Co-operation Department. |
| 245 10 - TITLE STATEMENT | |
| Title | Manual of elections to panchayats and taluk boards; |
| Remainder of title | extracts of the Mysore village panchayats and local boards act, 1959 (sections 1-23 and 95-107) and the Mysore panchayats and taluk boards election rules, 1959. |
| 260 ## - PUBLICATION, DISTRIBUTION, ETC. | |
| Place of publication, distribution, etc. | Bangalore, |
| Name of publisher, distributor, etc. | Printed by the Director of Print., Stationery and Publications at the Govt. Press, |
| Date of publication, distribution, etc. | 1968. |
| 300 ## - PHYSICAL DESCRIPTION | |
| Extent | ii, 105 p. |
| Other physical details | illus., forms. |
| Dimensions | 21 cm. |
| 350 ## - PRICE (NR) (BK AM CF MU VM SE) [OBSOLETE] | |
| Price | 1.00 |
| 500 ## - GENERAL NOTE | |
| General note | Cover title. |
| 650 #0 - SUBJECT ADDED ENTRY--TOPICAL TERM | |
| Topical term or geographic name entry element | Local government |
| General subdivision | Law and legislation |
| Geographic subdivision | India |
| -- | Karnataka. |
| 650 #0 - SUBJECT ADDED ENTRY--TOPICAL TERM | |
| Topical term or geographic name entry element | Election law |
| Geographic subdivision | India |
| -- | Karnataka. |
| 710 1# - ADDED ENTRY--CORPORATE NAME | |
| Corporate name or jurisdiction name as entry element | Mysore (India : State). |
| Title of a work | Laws, etc. |
No items available.